NFL All time Passing Yardage leaders - Statistics

General Stats
  • This quiz has been taken 206 times
  • The average score is 9 of 15
Answer Stats
Hint Answer % Correct
QB Tom Brady
97%
QB Eli Manning
96%
QB Peyton Manning
96%
QB Drew Brees
93%
QB Dan Marino
82%
QB Philip Rivers
72%
QB John Elway
68%
QB Brett Favre
53%
QB Warren Moon
53%
QB Fran Tarkenton
48%
QB Dan Fouts
34%
QB Carson Palmer
29%
QB Drew Bledsoe
25%
QB Vinny Testaverde
20%
QB Ben Roethlisberger
19%
No matching quizzes found
Score Distribution
Percent of People with Each Score
Percentile by Number Answered
Your Score History
You have not taken this quiz